| 000 | 00648cab a2200205 4500 | ||
|---|---|---|---|
| 001 | X826 | ||
| 008 | 090401t1993 xxu||||| |||| 00| 0 eng d | ||
| 035 | _a(Sirsi) u67629 | ||
| 041 | _aeng | ||
| 245 | _aAssured tenancy form changes | ||
| 260 | _c1993 | ||
| 350 | _a0 | ||
| 490 |
_aCS Monthly : General Practice _v2(9) June 1993, 7(1) |
||
| 650 | _aASSURED TENANCIES AND AGRICULTURAL OCCUPANCIES (FORMS) REGULATIONS 1997 | ||
| 650 | _aCOUNCIL TAX | ||
| 690 | _aLANDLORD AND TENANT-AGRICULTURAL TENANCIES | ||
| 690 | _aPROPERTY-RESIDENTIAL PROPERTY-RESIDENTIAL LANDLORD AND TENANT-RESIDENTIAL TENANCIES | ||
| 942 | _n0 | ||
| 948 | _c04/03/1997 | ||
| 999 |
_c42327 _d42327 |
||